00293nam a2200121Ia 4500008004900000041000800049082001200057100001300069245002700082260003700109300001800146440000700164240112s1982 JAN-OCT xx 000 0 und d aeng a615.103 aSMITH C. aSEMINARS IN HEMATOLOGY bSEMINARS IN HEMAT.c1982 JAN-OCT a318,HBc(1-4) v19